World Of Warcraft maxium level per expansion (WoW) - Statistics

General Stats
  • This quiz has been taken 690 times
  • The average score is 7 of 7
Answer Stats
Expansion Level % Correct
World of Warcraft 60
100%
The Burning Crusade 70
99%
Wrath of the Lich King 80
99%
Warlords of Draenor 100
98%
Legion 110
98%
Cataclysm 85
98%
Mist of Pandaria 90
98%
No matching quizzes found
Score Distribution
Percent of People with Each Score
Percentile by Number Answered
Your Score History
You have not taken this quiz